[Event "22. Copenhagen Open  (Politiken Cup)"]
[Site "Copenhagen"]
[Date "2000.07.17"]
[Round "1"]
[White "Nielsen, Jens Holm"]
[Black "Jacobsen, Jesper Howalt"]
[Result "1-0"]
[WhiteElo "2060"]
[BlackElo "1289"]
[PlyCount "73"]
[EventDate "2000.07.17"]
[EventType "swiss"]
[EventRounds "11"]
[EventCountry "DEN"]
[SourceDate "2004.01.01"]

1. Nc3 Nf6 2. d4 d6 3. e4 e6 4. f4 Be7 5. Nf3 O-O 6. Bd3 Nbd7 7. e5 Ne8 8. O-O
dxe5 9. fxe5 g6 10. Ne4 c5 11. c3 cxd4 12. cxd4 Nb6 13. Bh6 Ng7 14. Qe1 Nd5 15.
Nfg5 f5 16. exf6 Nxf6 17. Nf3 Nxe4 18. Bxe4 Rf7 19. Bxg7 Kxg7 20. Rd1 Bf6 21.
Kh1 Rb8 22. Ne5 Bxe5 23. Rxf7+ Kxf7 24. dxe5 Qe7 25. Qf1+ Kg7 26. Qd3 b6 27.
Qd8 Qxd8 28. Rxd8 Kf7 29. Bc6 Ke7 30. Rh8 b5 31. Rxh7+ Kd8 32. Rxa7 Rb6 33. Be4
Ra6 34. Rxa6 Bxa6 35. Bxg6 Kc7 36. h4 Kc8 37. Bd3 1-0

[Event "22. Copenhagen Open  (Politiken Cup)"]
[Site "Copenhagen"]
[Date "2000.07.17"]
[Round "1"]
[White "Nielsen, Michael B"]
[Black "Lilja, Richard"]
[Result "0-1"]
[WhiteElo "1421"]
[BlackElo "2080"]
[PlyCount "48"]
[EventDate "2000.07.17"]
[EventType "swiss"]
[EventRounds "11"]
[EventCountry "DEN"]
[SourceDate "2004.01.01"]

1. d4 Nf6 2. c4 g6 3. Nc3 Bg7 4. Bg5 O-O 5. Nf3 d6 6. e3 c5 7. Bd3 Nc6 8. d5
Na5 9. O-O Bg4 10. h3 Bd7 11. Qc2 a6 12. Rad1 b5 13. b3 Rb8 14. Rfe1 h6 15. Bh4
Rb6 16. e4 Nh5 17. e5 g5 18. Bg3 Nxg3 19. fxg3 bxc4 20. bxc4 g4 21. hxg4 Bxg4
22. exd6 exd6 23. Rd2 Bxf3 24. gxf3 Qf6 0-1

[Event "22. Copenhagen Open  (Politiken Cup)"]
[Site "Copenhagen"]
[Date "2000.07.17"]
[Round "1"]
[White "Nielsen, Morten"]
[Black "Olsen, Miriam Frida"]
[Result "1-0"]
[WhiteElo "2094"]
[BlackElo "1437"]
[PlyCount "37"]
[EventDate "2000.07.17"]
[EventType "swiss"]
[EventRounds "11"]
[EventCountry "DEN"]
[SourceDate "2004.01.01"]

1. e4 c5 2. Nf3 d6 3. d4 cxd4 4. Nxd4 Nf6 5. Nc3 g6 6. f4 Nc6 7. Nxc6 bxc6 8.
e5 dxe5 9. Qxd8+ Kxd8 10. fxe5 Ng4 11. Bf4 Bg7 12. O-O-O+ Ke8 13. Re1 Nh6 14.
Bc4 Nf5 15. Rd1 h5 16. Rhe1 e6 17. Ne4 Rb8 18. Bg5 Bd7 19. Nc5 1-0

[Event "22. Copenhagen Open  (Politiken Cup)"]
[Site "Copenhagen"]
[Date "2000.07.17"]
[Round "1"]
[White "Nielsen, Nicholas Roland"]
[Black "Resika, Nathan A"]
[Result "0-1"]
[WhiteElo "1864"]
[BlackElo "2267"]
[PlyCount "48"]
[EventDate "2000.07.17"]
[EventType "swiss"]
[EventRounds "11"]
[EventCountry "DEN"]
[SourceDate "2004.01.01"]

1. e4 d6 2. d4 Nf6 3. Nc3 g6 4. Be3 c6 5. f3 b5 6. a3 Nbd7 7. d5 cxd5 8. Nxd5
Bg7 9. Ne2 Bb7 10. Nd4 a6 11. Nf4 O-O 12. Nd3 Rc8 13. Be2 Qc7 14. Rc1 e5 15.
Nb3 d5 16. exd5 Nxd5 17. Bf2 Bh6 18. Rb1 Ne3 19. Bxe3 Bxe3 20. c3 e4 21. Nf2
Bxf2+ 22. Kxf2 Ne5 23. Nd4 Rcd8 24. Qc2 Rxd4 0-1

[Event "22. Copenhagen Open  (Politiken Cup)"]
[Site "Copenhagen"]
[Date "2000.07.17"]
[Round "1"]
[White "Nilssen, John Arni"]
[Black "Bering, Anders"]
[Result "1-0"]
[WhiteElo "2354"]
[BlackElo "1943"]
[PlyCount "39"]
[EventDate "2000.07.17"]
[EventType "swiss"]
[EventRounds "11"]
[EventCountry "DEN"]
[SourceDate "2004.01.01"]

1. d4 Nf6 2. c4 e6 3. Nc3 Bb4 4. e3 c5 5. Nge2 cxd4 6. exd4 d5 7. a3 Be7 8. Nf4
Nc6 9. cxd5 exd5 10. Be3 O-O 11. Bd3 Ng4 12. O-O Bd6 13. h3 Nxe3 14. fxe3 Qg5
15. Ncxd5 Bxh3 16. Qc2 g6 17. Nxh3 Qxd5 18. Bc4 Qh5 19. Rxf7 Rxf7 20. Bxf7+ 1-0

[Event "22. Copenhagen Open  (Politiken Cup)"]
[Site "Copenhagen"]
[Date "2000.07.17"]
[Round "1"]
[White "Nilsson, Nils Specht"]
[Black "Madhy, Nezar"]
[Result "1-0"]
[WhiteElo "2188"]
[BlackElo "1682"]
[PlyCount "61"]
[EventDate "2000.07.17"]
[EventType "swiss"]
[EventRounds "11"]
[EventCountry "DEN"]
[SourceDate "2004.01.01"]

1. Nf3 Nf6 2. c4 b6 3. g3 Bb7 4. Bg2 e6 5. O-O Be7 6. b3 O-O 7. Nc3 Ne4 8. Nxe4
Bxe4 9. d3 Bb7 10. Qc2 c5 11. d4 Bf6 12. Ng5 Bxg5 13. Bxb7 Bxc1 14. Bxa8 Bg5
15. dxc5 Na6 16. Bg2 Nb4 17. Qc3 bxc5 18. Rad1 Nxa2 19. Qe5 Be7 20. Qa1 Qa5 21.
Rxd7 Bf6 22. Qb1 Nc3 23. Qc2 Rb8 24. Rd3 Rb6 25. Rc1 Na2 26. Ra1 Ra6 27. Qd2 g6
28. Rd1 Kg7 29. Bb7 Bc3 30. Rxc3 Qxc3 31. Bxa6 1-0

[Event "22. Copenhagen Open  (Politiken Cup)"]
[Site "Copenhagen"]
[Date "2000.07.17"]
[Round "1"]
[White "Paaske, Asger"]
[Black "Andersen, Matias Lolk"]
[Result "1-0"]
[WhiteElo "2038"]
[BlackElo "1096"]
[PlyCount "45"]
[EventDate "2000.07.17"]
[EventType "swiss"]
[EventRounds "11"]
[EventCountry "DEN"]
[SourceDate "2004.01.01"]

1. e4 e5 2. Nf3 Nc6 3. d4 exd4 4. Bc4 h6 5. O-O d6 6. Nxd4 Bd7 7. Nc3 Nxd4 8.
Qxd4 Be6 9. f4 c5 10. Qd3 Bxc4 11. Qxc4 a6 12. a4 Qd7 13. Nd5 Rb8 14. a5 Ne7
15. Bd2 Nxd5 16. Qxd5 Qc6 17. Qd3 b5 18. axb6 Rxb6 19. Bc3 h5 20. Rad1 f6 21.
e5 Be7 22. Qg6+ Kf8 23. exf6 1-0

[Event "22. Copenhagen Open  (Politiken Cup)"]
[Site "Copenhagen"]
[Date "2000.07.17"]
[Round "1"]
[White "Palo, Davor"]
[Black "Kristensen, Jonas Rune"]
[Result "1-0"]
[WhiteElo "2213"]
[BlackElo "1696"]
[PlyCount "29"]
[EventDate "2000.07.17"]
[EventType "swiss"]
[EventRounds "11"]
[EventCountry "DEN"]
[SourceDate "2004.01.01"]

1. d4 Nf6 2. c4 g6 3. Nc3 Bg7 4. e4 d6 5. Be2 O-O 6. h4 Nbd7 7. h5 e5 8. d5 Nc5
9. Qc2 a5 10. Bg5 Bd7 11. f3 Qc8 12. g4 c6 13. Qd2 gxh5 14. gxh5 Qc7 15. Rh2
1-0

[Event "22. Copenhagen Open  (Politiken Cup)"]
[Site "Copenhagen"]
[Date "2000.07.17"]
[Round "1"]
[White "Pedersen, Christian Kyndel"]
[Black "Mikhalevski, Victor"]
[Result "0-1"]
[WhiteElo "2127"]
[BlackElo "2532"]
[PlyCount "72"]
[EventDate "2000.07.17"]
[EventType "swiss"]
[EventRounds "11"]
[EventCountry "DEN"]
[SourceDate "2004.01.01"]

1. d4 Nf6 2. c4 c5 3. d5 b5 4. cxb5 a6 5. b6 e6 6. Nc3 Bb7 7. e4 exd5 8. exd5
d6 9. Bc4 Nbd7 10. a4 Nxb6 11. b3 Be7 12. a5 Nxc4 13. bxc4 O-O 14. Nge2 Bc8 15.
Qc2 Rb8 16. O-O Bd7 17. Nd1 Ng4 18. Ra3 g6 19. Ng3 Bg5 20. f4 Bf6 21. f5 Bd4+
22. Kh1 Nxh2 23. Rf4 Be5 24. Qd2 Bxf4 25. Qxf4 g5 26. Qxd6 Ng4 27. Ne3 Qf6 28.
Nxg4 Qxd6 29. Ne4 Qc7 30. Rh3 Bxf5 31. Nh6+ Kh8 32. Nxf5 Rb1 33. d6 Rxc1+ 34.
Kh2 Qxa5 35. Nf6 Rh1+ 36. Kxh1 Qa1+ 0-1

[Event "22. Copenhagen Open  (Politiken Cup)"]
[Site "Copenhagen"]
[Date "2000.07.17"]
[Round "1"]
[White "Pedersen, Kaj Vinding"]
[Black "Rossen, Claus"]
[Result "0-1"]
[WhiteElo "1619"]
[BlackElo "2167"]
[PlyCount "60"]
[EventDate "2000.07.17"]
[EventType "swiss"]
[EventRounds "11"]
[EventCountry "DEN"]
[SourceDate "2004.01.01"]

1. d4 Nf6 2. Nf3 e6 3. Bf4 c5 4. e3 Nc6 5. Be2 Qb6 6. b3 cxd4 7. exd4 Nd5 8.
Be3 Bb4+ 9. Kf1 Nxe3+ 10. fxe3 O-O 11. g3 d5 12. Kg2 e5 13. c3 Be7 14. Nxe5
Nxe5 15. dxe5 Qxe3 16. Bf3 Bc5 17. Qe2 Qh6 18. h3 Bf5 19. Bxd5 Rad8 20. c4 Bd4
21. g4 Be6 22. Nd2 Rxd5 23. cxd5 Bxd5+ 24. Nf3 Qf4 25. Rad1 Rc8 26. Rhf1 Rc3
27. Rxd4 Qxd4 28. Rf2 h5 29. g5 Qf4 30. h4 Qg4+ 0-1

[Event "22. Copenhagen Open  (Politiken Cup)"]
[Site "Copenhagen"]
[Date "2000.07.17"]
[Round "1"]
[White "Petersen, Kim Linde"]
[Black "Nielsen, Carsten Juul"]
[Result "0-1"]
[WhiteElo "1454"]
[BlackElo "2117"]
[PlyCount "54"]
[EventDate "2000.07.17"]
[EventType "swiss"]
[EventRounds "11"]
[EventCountry "DEN"]
[SourceDate "2004.01.01"]

1. g4 d5 2. Bg2 e5 3. d4 e4 4. h3 Bd6 5. c4 c6 6. cxd5 cxd5 7. Nc3 Be6 8. Kf1
Ne7 9. f3 f5 10. Bg5 O-O 11. Qb3 Nbc6 12. Rd1 Na5 13. Qa4 a6 14. b4 Nc4 15. Qb3
h6 16. Bc1 Nc6 17. a3 Qf6 18. gxf5 Qxf5 19. e3 exf3 20. Bxf3 Bf7 21. Qb1 Qf6
22. Ke2 Ne7 23. e4 dxe4 24. Nxe4 Qf5 25. Bg4 Bh5 26. Nf3 Bxg4 27. hxg4 Qxf3+
0-1

[Event "22. Copenhagen Open  (Politiken Cup)"]
[Site "Copenhagen"]
[Date "2000.07.17"]
[Round "1"]
[White "Preuss, Flemming"]
[Black "Dencker, Martin"]
[Result "1-0"]
[WhiteElo "2072"]
[BlackElo "1331"]
[PlyCount "43"]
[EventDate "2000.07.17"]
[EventType "swiss"]
[EventRounds "11"]
[EventCountry "DEN"]
[SourceDate "2004.01.01"]

1. g3 d5 2. Bg2 e5 3. c4 Nf6 4. cxd5 Nxd5 5. Nc3 c6 6. Nf3 Nxc3 7. bxc3 e4 8.
Nd4 c5 9. Nc2 Bf5 10. O-O Qd7 11. f3 Qa4 12. Ne3 Qxd1 13. Rxd1 exf3 14. Bxf3
Bc8 15. Rb1 Nc6 16. Ba3 a6 17. Nc4 Be6 18. Rxb7 Rc8 19. Nb6 Na5 20. Nxc8 Bxc8
21. Rb8 Kd8 22. Bg4 1-0

[Event "22. Copenhagen Open  (Politiken Cup)"]
[Site "Copenhagen"]
[Date "2000.07.17"]
[Round "1"]
[White "Radovic, Slobodan"]
[Black "Laursen, Niels Norskov"]
[Result "0-1"]
[WhiteElo "1389"]
[BlackElo "2079"]
[PlyCount "64"]
[EventDate "2000.07.17"]
[EventType "swiss"]
[EventRounds "11"]
[EventCountry "DEN"]
[SourceDate "2004.01.01"]

1. e4 c5 2. Nc3 Nc6 3. d3 g6 4. f4 Bg7 5. Nf3 d6 6. Be3 Nf6 7. Ne2 d5 8. e5 Ng4
9. Bd2 f6 10. h3 Nh6 11. Ng3 fxe5 12. fxe5 O-O 13. Be2 Nxe5 14. O-O Nxf3+ 15.
Bxf3 Qd6 16. Bxh6 Bxh6 17. Ne2 Be3+ 18. Kh1 e6 19. Qe1 Bd7 20. Nc3 Bf4 21. Qe2
Rac8 22. Nd1 Qe5 23. Nf2 Qg5 24. g4 Bd6 25. Nd1 Rf6 26. Ne3 Qh4 27. Qg2 Rcf8
28. Nxd5 exd5 29. Bxd5+ Kg7 30. Rxf6 Rxf6 31. Bf3 Rxf3 32. Qxf3 Bc6 0-1

[Event "22. Copenhagen Open  (Politiken Cup)"]
[Site "Copenhagen"]
[Date "2000.07.17"]
[Round "1"]
[White "Rasmussen, Casper Dahl"]
[Black "Tjornsted, Peter"]
[Result "1-0"]
[WhiteElo "2281"]
[BlackElo "1868"]
[PlyCount "73"]
[EventDate "2000.07.17"]
[EventType "swiss"]
[EventRounds "11"]
[EventCountry "DEN"]
[SourceDate "2004.01.01"]

1. e4 g6 2. d4 Bg7 3. Nc3 c6 4. Nf3 d6 5. Be3 Bg4 6. Bc4 e6 7. h3 Bxf3 8. Qxf3
Ne7 9. Bb3 a5 10. a4 O-O 11. O-O Nd7 12. Qe2 d5 13. e5 Nf5 14. g4 Nxe3 15. Qxe3
Qh4 16. f4 Rae8 17. Ne2 f5 18. g5 h6 19. Kh2 hxg5 20. fxg5 Rf7 21. Qf4 Qh8 22.
Kg2 Bf8 23. h4 Rh7 24. Rh1 c5 25. c3 c4 26. Bc2 Rc8 27. Rh3 Qg7 28. Rah1 Be7
29. Qg3 Kf7 30. Nf4 Rch8 31. Bxf5 exf5 32. e6+ Ke8 33. Nxd5 Qf8 34. Qc7 Bd8 35.
exd7+ Rxd7 36. Re1+ Re7 37. Nxe7 1-0

[Event "22. Copenhagen Open  (Politiken Cup)"]
[Site "Copenhagen"]
[Date "2000.07.17"]
[Round "1"]
[White "Rasmussen, Uffe"]
[Black "Andreasen, Per Naesby"]
[Result "1-0"]
[WhiteElo "1884"]
[BlackElo "2293"]
[PlyCount "73"]
[EventDate "2000.07.17"]
[EventType "swiss"]
[EventRounds "11"]
[EventCountry "DEN"]
[SourceDate "2004.01.01"]

1. e4 g6 2. d4 Bg7 3. Nc3 d6 4. f4 c6 5. Be3 Nd7 6. Nf3 Ngf6 7. Bd3 Qa5 8. Qd2
e5 9. dxe5 dxe5 10. fxe5 Nxe5 11. Nxe5 Qxe5 12. O-O O-O 13. Rae1 Ng4 14. Bf4
Qd4+ 15. Kh1 Ne5 16. Bh6 Be6 17. Bxg7 Kxg7 18. Rf4 Rad8 19. Rh4 h5 20. Qf4 Ng4
21. Rf1 f6 22. Ne2 Qe5 23. Qf3 Qg5 24. Nf4 Bc8 25. g3 Ne5 26. Qe3 b6 27. Ba6
Rfe8 28. Bxc8 Rxc8 29. Qb3 Kh6 30. Ne6 Qd2 31. Rxf6 $11 Qe1+ 32. Kg2 Ng4 {#}
33. Rxh5+ $3 Kxh5 34. Nf4+ Kh6 35. Rxg6+ Kh7 36. Qf7+ Kh8 37. Qg7# 1-0

[Event "22. Copenhagen Open  (Politiken Cup)"]
[Site "Copenhagen"]
[Date "2000.07.17"]
[Round "1"]
[White "Roder, Peter Ulrik"]
[Black "Zyde, Fadmal"]
[Result "1-0"]
[WhiteElo "2167"]
[BlackElo "1619"]
[PlyCount "81"]
[EventDate "2000.07.17"]
[EventType "swiss"]
[EventRounds "11"]
[EventCountry "DEN"]
[SourceDate "2004.01.01"]

1. d4 d5 2. c4 dxc4 3. e3 Bf5 4. Bxc4 Bxb1 5. Rxb1 Nd7 6. Nf3 Ngf6 7. Qb3 e6 8.
Qxb7 Bd6 9. Qb3 O-O 10. O-O Nb6 11. Bd3 Re8 12. e4 Be7 13. Qc2 h6 14. Bf4 Bd6
15. Bg3 Bxg3 16. fxg3 Re7 17. Qe2 Rd7 18. Bb5 Re7 19. Rbd1 Rc8 20. Ne5 Qf8 21.
b4 c6 22. Bxc6 Rec7 23. b5 a6 24. Qb2 Qd6 25. Nxf7 Qe7 26. Ne5 Qd6 27. Ng6 Ng4
28. e5 Qd8 29. Rf8+ Qxf8 30. Nxf8 Kxf8 31. d5 exd5 32. Qb4+ Kg8 33. Qxg4 axb5
34. Qe6+ Kh8 35. Bxd5 Nxd5 36. Qxd5 Rc5 37. Qd7 b4 38. e6 R5c7 39. Qd6 Rc6 40.
Qxc6 Rxc6 41. e7 1-0

[Event "22. Copenhagen Open  (Politiken Cup)"]
[Site "Copenhagen"]
[Date "2000.07.17"]
[Round "1"]
[White "Ronsted, Torben"]
[Black "Brondum, Jan Kraul"]
[Result "1-0"]
[WhiteElo "2114"]
[BlackElo "1452"]
[PlyCount "93"]
[EventDate "2000.07.17"]
[EventType "swiss"]
[EventRounds "11"]
[EventCountry "DEN"]
[SourceDate "2004.01.01"]

1. d4 Nf6 2. c4 g6 3. Nc3 Bg7 4. e4 d6 5. Be2 Nbd7 6. Bg5 e5 7. d5 O-O 8. Qd2
Re8 9. f3 a5 10. Nh3 Nc5 11. Nf2 a4 12. O-O Qd7 13. Rab1 Nh5 14. b4 axb3 15.
axb3 Nf4 16. b4 Nxe2+ 17. Qxe2 Na4 18. Qc2 Nxc3 $11 19. Qxc3 f5 20. c5 f4 21.
Nd3 h6 22. Bh4 g5 23. Be1 Qf7 24. cxd6 cxd6 25. Rc1 g4 26. Qc7 Qg6 27. Kh1 g3
28. hxg3 fxg3 29. Kg1 Ra2 30. Qc4 Ra8 31. f4 exf4 32. Rxf4 h5 33. Rf3 h4 34. e5
Bg4 35. Rf4 Be2 36. Re4 Rac8 37. Qxc8 Rxc8 38. Rxc8+ Bf8 39. Rf4 Qxd3 40.
Rcxf8+ Kg7 41. e6 Qd1 42. Rf1 Bxf1 43. Rxf1 Qd4+ 44. Kh1 Qxd5 45. Bc3+ Kg6 46.
e7 Qg8 47. Rf8 1-0

[Event "22. Copenhagen Open  (Politiken Cup)"]
[Site "Copenhagen"]
[Date "2000.07.17"]
[Round "1"]
[White "Schandorff, Lars"]
[Black "Andersen, Tom Juul"]
[Result "1-0"]
[WhiteElo "2520"]
[BlackElo "2106"]
[PlyCount "93"]
[EventDate "2000.07.17"]
[EventType "swiss"]
[EventRounds "11"]
[EventCountry "DEN"]
[SourceDate "2004.01.01"]

1. c4 e5 2. g3 Nc6 3. Bg2 Bc5 4. Nc3 Nge7 5. d3 O-O 6. e3 d6 7. Nge2 Bg4 8. h3
Bh5 9. g4 Bg6 10. e4 Nd4 11. Nxd4 Bxd4 12. O-O c6 13. Ne2 Bb6 14. d4 exd4 15.
Nxd4 d5 16. cxd5 cxd5 17. exd5 Nxd5 18. Nf5 Bxf5 19. Qxd5 Qxd5 20. Bxd5 Bd3 21.
Rd1 Ba6 22. Be3 Bxe3 23. fxe3 Rac8 24. Rac1 g5 25. b4 b6 26. Bc6 Rc7 27. Bd7
Bc4 28. Rd4 Rxd7 29. Rxd7 Bxa2 30. Rxa7 Bd5 31. Rd7 Be4 32. Rdc7 h6 33. Rc8 b5
34. Rxf8+ Kxf8 35. Rc5 Bd3 36. Rc6 Kg7 37. Kf2 f6 38. Rd6 Bc4 39. Rb6 Kf7 40.
Kg3 Bd3 41. h4 gxh4+ 42. Kxh4 Kg7 43. Kg3 Kf7 44. Kf4 Ke7 45. Rb7+ Kf8 46. e4
Kg8 47. Kf5 1-0

[Event "22. Copenhagen Open  (Politiken Cup)"]
[Site "Copenhagen"]
[Date "2000.07.17"]
[Round "1"]
[White "Schmied, Andreas"]
[Black "Rytter, Morten"]
[Result "0-1"]
[WhiteElo "2155"]
[BlackElo "1576"]
[PlyCount "120"]
[EventDate "2000.07.17"]
[EventType "swiss"]
[EventRounds "11"]
[EventCountry "DEN"]
[SourceDate "2004.01.01"]

1. e4 c5 2. f4 d5 3. exd5 Qxd5 4. Nc3 Qd8 5. Nf3 Nc6 6. Bb5 Bd7 7. Ne5 Nxe5 8.
fxe5 Bxb5 9. Nxb5 e6 10. O-O a6 11. Qf3 Qd7 12. Nc3 Nh6 13. d3 Nf5 14. Ne2 Rc8
15. c3 h5 16. Bg5 Be7 17. Bxe7 Qxe7 18. Ng3 Nxg3 19. Qxg3 O-O 20. Rf4 g6 21.
Raf1 Kg7 22. Rf6 Rcd8 23. Qg5 Qe8 24. R6f3 Rd7 25. Qf6+ Kh7 26. Qh4 Qe7 27. Qf2
Kg7 28. Qe3 Rd5 29. d4 cxd4 30. cxd4 Qd8 31. Rf4 Rd7 32. Qf2 Qe7 33. Rf3 Rc7
34. Rc3 Rxc3 35. bxc3 Rc8 36. Qb2 Rc4 37. Rf3 Qc7 38. h3 b5 39. Qd2 Qe7 40. Qf4
Rc8 41. Kh2 Ra8 42. Qe4 Rc8 43. d5 exd5 44. Qxd5 Re8 45. Kh1 Qe6 46. Qb7 Re7
47. Qa8 Qxa2 48. Qe4 Qe6 49. Re3 a5 50. Qd4 Rd7 51. Qh4 Rd5 52. Qe1 a4 53. Qe2
a3 54. c4 bxc4 55. Rxa3 Rxe5 56. Qb2 Kh7 57. Ra1 Re1+ 58. Rxe1 Qxe1+ 59. Kh2 c3
60. Qb3 Qe5+ 0-1

[Event "22. Copenhagen Open  (Politiken Cup)"]
[Site "Copenhagen"]
[Date "2000.07.17"]
[Round "1"]
[White "Schyberg, Brian"]
[Black "Skytte, Rasmus"]
[Result "0-1"]
[WhiteElo "1924"]
[BlackElo "2323"]
[PlyCount "48"]
[EventDate "2000.07.17"]
[EventType "swiss"]
[EventRounds "11"]
[EventCountry "DEN"]
[SourceDate "2004.01.01"]

1. d4 Nf6 2. Nc3 d5 3. e4 e6 4. Bg5 dxe4 5. Nxe4 Nbd7 6. Bd3 Be7 7. Qe2 b6 8.
Nf3 Bb7 9. c3 h6 10. Bd2 O-O 11. Nxf6+ Bxf6 12. O-O c5 13. Rad1 cxd4 14. cxd4
Re8 15. Bc3 Qc7 16. Ne5 Bxe5 17. dxe5 Nc5 18. Bb5 Red8 19. b4 Ne4 20. Ba1 Nc3
21. Rxd8+ Rxd8 22. Qc4 Nxb5 23. Qxb5 Qc2 24. a4 Be4 0-1

[Event "22. Copenhagen Open  (Politiken Cup)"]
[Site "Copenhagen"]
[Date "2000.07.17"]
[Round "1"]
[White "Thomsen, Heinrich Kirch"]
[Black "Bogdanov, Dimitri"]
[Result "0-1"]
[WhiteElo "1432"]
[BlackElo "2093"]
[PlyCount "62"]
[EventDate "2000.07.17"]
[EventType "swiss"]
[EventRounds "11"]
[EventCountry "DEN"]
[SourceDate "2004.01.01"]

1. e4 g6 2. d4 Bg7 3. Nc3 d6 4. f4 Nf6 5. Nf3 O-O 6. Be2 Na6 7. O-O c5 8. e5
Nd7 9. Be3 cxd4 10. Bxd4 dxe5 11. Nxe5 Nxe5 12. Bxe5 Qb6+ 13. Kh1 Bxe5 14. fxe5
Be6 15. Qd2 Rad8 16. Qh6 Qxb2 17. Ne4 Qxe5 18. Bd3 Qg7 19. Qe3 Nb4 20. Rab1
Nxd3 21. cxd3 b6 22. Rf2 Qd4 23. Qxd4 Rxd4 24. Ng5 Bf5 25. Rd1 Rfd8 26. Rdf1
Bxd3 27. Re1 Bc4 28. h3 Rd1 29. Rxd1 Rxd1+ 30. Kh2 Ra1 31. Rc2 b5 0-1

[Event "22. Copenhagen Open  (Politiken Cup)"]
[Site "Copenhagen"]
[Date "2000.07.17"]
[Round "1"]
[White "Aabling Thomsen, Jakob"]
[Black "Petersen, Steen"]
[Result "1/2-1/2"]
[WhiteElo "1589"]
[BlackElo "2162"]
[PlyCount "84"]
[EventDate "2000.07.17"]
[EventType "swiss"]
[EventRounds "11"]
[EventCountry "DEN"]
[SourceDate "2004.01.01"]

1. d4 Nf6 2. c4 e6 3. Nf3 b6 4. Bg5 Bb7 5. Nc3 Bb4 6. Qd3 h6 7. Bh4 g5 8. Bg3
Ne4 9. d5 Bxc3+ 10. bxc3 Nxg3 11. hxg3 Qf6 12. e4 d6 13. Nd4 Nd7 14. f4 gxf4
15. gxf4 Qxf4 16. dxe6 Ne5 17. Qh3 Bxe4 18. Be2 f6 19. e7 Qg5 20. Ne6 Qg8 21.
Nxc7+ Kxe7 22. Nxa8 Bxa8 23. Qe3 Qg6 24. Bf3 Bxf3 25. gxf3 Qg3+ 26. Ke2 Qg2+
27. Qf2 Qg6 28. Rad1 Qc2+ 29. Rd2 Qxc3 30. Rh4 Nxc4 31. Rd1 Qc2+ 32. Ke1 Qxf2+
33. Kxf2 b5 34. Rb1 a6 35. a4 Ke6 36. axb5 axb5 37. Rxb5 Ne5 38. Re4 d5 39. Re2
Kd6 40. Rb6+ Nc6 41. Rc2 Rc8 42. Ke3 Ke7 1/2-1/2

[Event "22. Copenhagen Open  (Politiken Cup)"]
[Site "Copenhagen"]
[Date "2000.07.17"]
[Round "1"]
[White "Tornerup, John"]
[Black "Ginsburg, Mark"]
[Result "0-1"]
[WhiteElo "2020"]
[BlackElo "2402"]
[PlyCount "66"]
[EventDate "2000.07.17"]
[EventType "swiss"]
[EventRounds "11"]
[EventCountry "DEN"]
[SourceDate "2004.01.01"]

1. d4 Nf6 2. c4 g6 3. Nc3 Bg7 4. e4 d6 5. Be2 O-O 6. Nf3 e5 7. O-O Nc6 8. d5
Ne7 9. h3 Nh5 10. Ne1 Nf4 11. Bxf4 exf4 12. Qd2 g5 13. Nf3 Ng6 14. Nd4 Re8 15.
Rfe1 Bxd4 16. Qxd4 Ne5 17. Qd1 c5 18. b3 a6 19. a4 Qf6 20. Rc1 Kg7 21. Bh5 Bd7
22. f3 Qh6 23. Bg4 Bxg4 24. fxg4 Qh4 25. Rf1 h5 26. gxh5 Rh8 27. Qe1 Qxh5 28.
Ne2 b5 29. cxb5 axb5 30. a5 Qh7 31. b4 f3 32. Ng3 fxg2 33. Nf5+ Kf8 0-1

[Event "22. Copenhagen Open  (Politiken Cup)"]
[Site "Copenhagen"]
[Date "2000.07.17"]
[Round "1"]
[White "Trarup, Jorgen"]
[Black "Helin, Mikael"]
[Result "0-1"]
[WhiteElo "1309"]
[BlackElo "2066"]
[PlyCount "74"]
[EventDate "2000.07.17"]
[EventType "swiss"]
[EventRounds "11"]
[EventCountry "DEN"]
[SourceDate "2004.01.01"]

1. e4 c5 2. Nf3 Nc6 3. c3 e5 4. Be2 h6 5. d3 g5 6. h3 Bg7 7. Nh2 Nge7 8. Bg4
Ng6 9. Be3 b6 10. Nd2 Ba6 11. Be2 Bb7 12. Ndf3 O-O 13. Qb3 Na5 14. Qc2 d5 15.
exd5 Qxd5 16. b4 cxb4 17. cxb4 Nc6 18. Rb1 Nd4 19. Bxd4 exd4 20. O-O Nf4 21.
Rfe1 Rac8 22. Qb2 Rc3 23. Rbd1 Nxe2+ 24. Rxe2 h5 25. a3 Qf5 26. Qd2 Bf6 27. a4
Rfc8 28. Qe1 g4 29. Re8+ Kg7 30. Rxc8 Bxc8 31. hxg4 hxg4 32. Nd2 Rxd3 33. Nc4
Qe6 34. Rc1 Rc3 35. Qf1 Bb7 36. Rxc3 dxc3 37. Ne3 g3 0-1

[Event "22. Copenhagen Open  (Politiken Cup)"]
[Site "Copenhagen"]
[Date "2000.07.17"]
[Round "1"]
[White "Ward, Christopher"]
[Black "Grubert, Christian"]
[Result "1-0"]
[WhiteElo "2508"]
[BlackElo "2060"]
[PlyCount "59"]
[EventDate "2000.07.17"]
[EventType "swiss"]
[EventRounds "11"]
[EventCountry "DEN"]
[SourceDate "2004.01.01"]

1. d4 d6 2. e4 Nf6 3. f3 g6 4. c4 Bg7 5. Nc3 O-O 6. Nge2 e5 7. dxe5 dxe5 8.
Qxd8 Rxd8 9. Nd5 Nxd5 10. cxd5 Nd7 11. Nc3 Nb6 12. a4 Bd7 13. a5 Nc8 14. a6 b6
15. Bb5 Bxb5 16. Nxb5 Nd6 17. Nxd6 Rxd6 18. Bd2 Bf8 19. Ke2 c5 20. dxc6 Rxc6
21. Rhc1 Rd6 22. Rc7 Rad8 23. Bc3 R6d7 24. Rxd7 Rxd7 25. Bxe5 Re7 26. Bd4 f5
27. e5 Bh6 28. g3 f4 29. Kd3 Re8 30. Ke4 1-0

[Event "22. Copenhagen Open  (Politiken Cup)"]
[Site "Copenhagen"]
[Date "2000.07.17"]
[Round "1"]
[White "Wiman, Kenneth"]
[Black "Tozer, Richard"]
[Result "0-1"]
[WhiteElo "1895"]
[BlackElo "2317"]
[PlyCount "60"]
[EventDate "2000.07.17"]
[EventType "swiss"]
[EventRounds "11"]
[EventCountry "DEN"]
[SourceDate "2004.01.01"]

1. e4 c5 2. Nf3 Nc6 3. d4 cxd4 4. Nxd4 e6 5. Nc3 Qc7 6. g3 a6 7. Bg2 Nf6 8. O-O
Be7 9. a4 O-O 10. Nb3 d6 11. f4 Bd7 12. Be3 Rac8 13. Qe2 Rfe8 14. Bf3 Na5 15.
Nxa5 Qxa5 16. Qg2 Bc6 17. g4 d5 18. e5 Bc5 19. Bf2 d4 20. Ne4 Nxe4 21. Bxe4
Red8 22. Bxc6 Rxc6 23. Rfd1 Qb4 24. c3 Qxb2 25. Bxd4 Bxd4+ 26. cxd4 Rc2 27. Qf3
Rxd4 28. Rab1 Rxd1+ 29. Qxd1 Rg2+ 30. Kf1 Qf2# 0-1

[Event "22. Copenhagen Open  (Politiken Cup)"]
[Site "Copenhagen"]
[Date "2000.07.17"]
[Round "1"]
[White "Osttveit, Martin"]
[Black "McShane, Rod"]
[Result "1-0"]
[WhiteElo "2079"]
[BlackElo "1400"]
[PlyCount "29"]
[EventDate "2000.07.17"]
[EventType "swiss"]
[EventRounds "11"]
[EventCountry "DEN"]
[SourceDate "2004.01.01"]

1. e4 c5 2. Nc3 d6 3. f4 Nc6 4. Bc4 e6 5. Nf3 Bd7 6. O-O g6 7. d3 Bg7 8. f5 Na5
9. fxe6 fxe6 10. Ng5 Bd4+ 11. Kh1 Nxc4 12. Nf7 Qc7 13. dxc4 Bxc3 14. bxc3 Bc6
15. Nxd6+ 1-0